00704nam a22002051 450000100060000000300080000600500170001400800410003103500190007204000320009104100080012308200220013124501250015326000390027830000330031750400410035065100440039170000230043570000400045836386BD-RjUL20211209052459.0140622s1960 maua b 000 0 eng d a(BD-RjUL)36483 aDLCcDLCdDLCdBD-RjULbeng aeng00a320.973bPRO 196010aProfile of American politics :breadings in American Government /cedited by Ernest W. Lefever and Walter V. Hohenstein. aBoston :bHoughton Mifflin,c1960. aXI, 367 p. :bill. ;c26 cm. aIncludes bibliographical references. 0aUnited StatesxPolitics and government.1 aLefever, Ernest W.1 aHohenstein, Walter Vick.ejoint ed.